[Event "ROM-ch U12"]
[Site "Calimanesti Caciulata"]
[Date "2016.04.21"]
[Round "5"]
[White "Bordei, Rares Gabriel"]
[Black "Oarza, Matei Radu"]
[Result "1-0"]
[WhiteElo "1268"]
[BlackElo "1016"]
[PlyCount "49"]
[EventDate "2016.04.18"]
[EventType "swiss"]
[EventRounds "9"]
[EventCountry "ROU"]
[SourceTitle "CBM 172 Extra"]
[Source "ChessBase"]
[SourceDate "2016.06.21"]
[SourceVersion "1"]
[SourceVersionDate "2016.06.21"]
[SourceQuality "1"]

1. d4 d5 2. Nf3 Nf6 3. Bg5 Bf5 4. c4 Nc6 5. e3 e6 6. Qb3 Be7 7. Qxb7 Bb4+ 8. Nc3 0-0 9. Qxc6 h6 10. Bh4 g5 11. Bg3 Re8 12. a3 Ba5 13. b4 Bb6 14. c5 Bxc5 15. dxc5 Nh7 16. Ba6 Rb8 17. Qxc7 Qf6 18. Qe5 Qd8 19. Nd4 Qd7 20. Nxf5 exf5 21. Qxd5 Qxd5 22. Nxd5 Red8 23. Rd1 Kg7 24. 0-0 Re8 25. Nc7 1-0

[Event "ROM-ch U12"]
[Site "Calimanesti Caciulata"]
[Date "2016.04.19"]
[Round "2"]
[White "Oarza, Matei Radu"]
[Black "Bobeanu, Stefan Valentin"]
[Result "0-1"]
[WhiteElo "1016"]
[BlackElo "1215"]
[PlyCount "70"]
[EventDate "2016.04.18"]
[EventType "swiss"]
[EventRounds "9"]
[EventCountry "ROU"]
[SourceTitle "CBM 172 Extra"]
[Source "ChessBase"]
[SourceDate "2016.06.21"]
[SourceVersion "1"]
[SourceVersionDate "2016.06.21"]
[SourceQuality "1"]

1. e4 e5 2. Nf3 Nc6 3. Bc4 Nf6 4. Nc3 Bc5 5. d3 d6 6. h3 h6 7. 0-0 b6 8. a3 Bb7 9. b4 Bd4 10. Bd2 0-0 11. Nh2 Ne7 12. Rb1 d5 13. exd5 Nexd5 14. Bxd5 Nxd5 15. Qg4 Qf6 16. Qg3 Bxc3 17. Ng4 Qg6 18. Bxc3 Nxc3 19. Rbe1 e4 20. f3 exd3 21. Kh1 Ne2 22. Qf2 Rae8 23. cxd3 Qxd3 24. Ra1 Bc8 25. Nh2 Qd6 26. f4 Qg6 27. Nf3 Ng3+ 28. Kg1 Nxf1 29. Ne5 Qg3 30. Qxf1 Bxh3 31. Ra2 f6 32. Nc6 Re1 33. Qxe1 Qxe1+ 34. Kh2 Qe6 35. Nd4 Qxa2 0-1

[Event "ROM-ch U10"]
[Site "Calimanesti"]
[Date "2015.04.06"]
[Round "9"]
[White "Oarza, Matei Radu"]
[Black "Ionescu, Luca"]
[Result "1-0"]
[WhiteElo "1001"]
[BlackElo "1001"]
[PlyCount "27"]
[EventDate "2015.03.30"]
[EventType "swiss"]
[EventRounds "9"]
[EventCountry "ROU"]
[SourceTitle "CBM 165 Extra"]
[Source "ChessBase"]
[SourceDate "2015.04.21"]
[SourceVersion "1"]
[SourceVersionDate "2015.04.21"]
[SourceQuality "1"]

1. e4 e5 2. Bc4 Bc5 3. Nf3 Nf6 4. Nc3 0-0 5. 0-0 Nc6 6. d3 a6 7. Bg5 h6 8. Bh4 d6 9. Nd5 Bg4 10. Nxf6+ gxf6 11. Qd2 Kh8 12. Qxh6+ Kg8 13. Bxf6 Qxf6 14. Qxf6 1-0

[Event "ROM-ch U10"]
[Site "Calimanesti"]
[Date "2015.04.04"]
[Round "7"]
[White "Oarza, Matei Radu"]
[Black "Musat, Tudor Mihai"]
[Result "0-1"]
[WhiteElo "1001"]
[BlackElo "1052"]
[PlyCount "48"]
[EventDate "2015.03.30"]
[EventType "swiss"]
[EventRounds "9"]
[EventCountry "ROU"]
[SourceTitle "CBM 165 Extra"]
[Source "ChessBase"]
[SourceDate "2015.04.21"]
[SourceVersion "1"]
[SourceVersionDate "2015.04.21"]
[SourceQuality "1"]

1. e4 e5 2. Bc4 Nf6 3. Nc3 Bb4 4. d3 0-0 5. Nf3 d6 6. 0-0 Nc6 7. Bg5 Bg4 8. h3 h6 9. Nd5 hxg5 10. Nxf6+ Qxf6 11. hxg4 Qf4 12. g3 Qxg4 13. c3 Bc5 14. Bb5 a6 15. Bxc6 bxc6 16. d4 exd4 17. cxd4 Bb6 18. Kg2 Rfe8 19. Re1 Rxe4 20. Qd2 Bxd4 21. Nxd4 Rxd4 22. f3 Rxd2+ 23. Kf1 Qxf3+ 24. Kg1 Qg2# 0-1